| 000 | 00510nam a2200145Ia 4500 | ||
|---|---|---|---|
| 008 | 100204s9999 xx 000 0 und d | ||
| 082 | _b13199 | ||
| 100 | _aमोहोड बाबा | ||
| 245 | _aग्राम जयंती यात्रा | ||
| 260 |
_b"वंदन प्रकाशन , मोतीनगर" _c1990 2 |
||
| 300 | _a120 | ||
| 630 | _aग्राम जयंती यात्रा | ||
| 730 | _aग्राम जयंती यात्रा | ||
| 942 | _cBOOK | ||
| 999 |
_c457631 _d457628 |
||